Statistics for Cut Characters Super Smash Bros 4

Click here to take the quiz!

General Stats

  • This quiz has been taken 249 times
  • The average score is 9 of 11

Answer Stats

HintAnswer% Correct
Fox's RivalWolf
95%
Clone Of Pikachu But WorsePichu
92%
Trains The Grass Type Pokemon And The Turtle PokemonPokemon Trainer
90%
Purple Pokemon Returning Soon As DLCMewtwo
88%
Red Haired Japanese Speaking BoyRoy
87%
Stripy ShirtLucas
86%
Grass Type PokemonIvysaur
86%
Turtle PokemonSquirtle
86%
You Start As This Character In Legend Of Zelda Ocarina Of TimeYoung Link
84%
Uses Guns And StuffSnake
58%
Pink And Blue DuoIce Climbers
30%

Score Distribution

Percentile by Number Answered

Percent of People with Each Score

Your Score History

You have not taken this quiz